La Organización administrativa de los planes de desarrollo / José Luis Meilan Gil
Descripción Física:
65 p. ; 21 cm
Colección:
Conferencias y documentos ; 15
Materias:
Planificació
MARC
| LEADER | 00000nam a2200000Ia 4500 | ||
|---|---|---|---|
| 001 | 10618 | ||
| 008 | 160829s1966 xx 000 0 cat d | ||
| 080 | |a M-3-377 | ||
| 100 | |a Meilán Gil, José Luis |9 14624 | ||
| 245 | |a La Organización administrativa de los planes de desarrollo / José Luis Meilan Gil | ||
| 260 | |a Madrid : |b Centro de Formación y Perfeccionamiento de Funcionarios, |c 1966 | ||
| 300 | |a 65 p. ; |c 21 cm | ||
| 490 | |a Conferencias y documentos ; 15 | ||
| 650 | |a Planificació |9 25109 | ||
| 710 | 2 | |a Centro de Formación y Perfeccionamiento de Funcionarios (Alcalá de Henares, Madrid) |9 54841 | |
| 901 | |a Arxiu | ||
| 942 | |n 1 | ||
| 952 | |0 0 |1 0 |4 0 |6 M3377 |7 1 |9 43453 |a Arxiu |b Arxiu |d 2016-12-01 |l 0 |o M-3-377 |p 10618 |r 2016-12-01 00:00:00 |w 2016-12-01 |y ARXIU | ||
| 999 | |c 45999 |d 45999 | ||